[Event "4NCL/Div4/SLO3 vs. GREN"]
[Site "West Bromwich ENG"]
[Date "2003.11.22"]
[Round "1.1"]
[White "Vaddadi, Seshagiri"]
[Black "Pugh, Derek C"]
[Result "0-1"]
[WhiteElo "2058"]
[BlackElo "2080"]
[PlyCount "49"]
[EventDate "2003.11.22"]

1. e4 e5 2. Nf3 Nc6 3. Bb5 Nd4 4. Nxd4 exd4 5. c3 Qg5 6. Bf1 Bc5 7. d3 Qf6 8.
Qe2 Ne7 9. g3 d6 10. Bg2 a5 11. Qc2 c6 12. c4 Bg4 13. Nd2 O-O 14. O-O Qe6 15.
f4 f5 16. Nf3 fxe4 17. Ng5 exd3 18. Nxe6 dxc2 19. Nxf8 Kxf8 20. Be4 d3+ 21. Kg2
Be2 22. a3 a4 23. Re1 d5 24. Rxe2 dxe2 25. Bxc2 0-1

[Event "4NCL/Div4/SLO3 vs. GREN"]
[Site "West Bromwich ENG"]
[Date "2003.11.22"]
[Round "1.2"]
[White "Osborne, David"]
[Black "McGowan, Daniel"]
[Result "1/2-1/2"]
[WhiteElo "1864"]
[BlackElo "2053"]
[PlyCount "81"]
[EventDate "2003.11.22"]

1. e4 e6 2. d4 d5 3. Nc3 Bb4 4. exd5 exd5 5. Bd3 c6 6. Nge2 Ne7 7. O-O O-O 8.
f4 Bf5 9. Bxf5 Nxf5 10. g4 Nd6 11. f5 Qh4 12. Ng3 Nd7 13. g5 Bxc3 14. bxc3 Ne4
15. Rf4 Qh3 16. Nxe4 dxe4 17. Qe1 Rfe8 18. Rxe4 Rxe4 19. Qxe4 Qxc3 20. Rb1 Nb6
21. Bb2 Qd2 22. h4 h6 23. g6 fxg6 24. fxg6 Nd5 25. Rf1 Qb4 26. Bc1 Qe7 27. Qxe7
Nxe7 28. h5 Rf8 29. Re1 Nd5 30. c4 Nf6 31. Re7 Nxh5 32. Rxb7 Rf6 33. Rb8+ Rf8
34. Rb7 Rf6 35. Rb8+ Rf8 36. Rxf8+ Kxf8 37. Kf2 Ke7 38. Kf3 Ke6 39. Ke4 Nf6+
40. Kf4 Nh5+ 41. Kg4 1/2-1/2

[Event "4NCL/Div4/SLO3 vs. GREN"]
[Site "West Bromwich ENG"]
[Date "2003.11.22"]
[Round "1.3"]
[White "Varnam, Liam D"]
[Black "Johnson, Richard J"]
[Result "1/2-1/2"]
[WhiteElo "2066"]
[BlackElo "1800"]
[PlyCount "115"]
[EventDate "2003.11.22"]

1. e4 c5 2. Nf3 e6 3. d4 cxd4 4. Nxd4 a6 5. Bd3 Nf6 6. O-O Qc7 7. c4 d6 8. Nc3
Nbd7 9. Nf3 Be7 10. Be3 O-O 11. Rc1 b6 12. b4 Bb7 13. h3 Rac8 14. Qb3 Qb8 15.
Rb1 Qa8 16. Nd2 d5 17. f3 dxe4 18. Ncxe4 Nxe4 19. Bxe4 Bxe4 20. Nxe4 Qb7 21.
Rfc1 Nf6 22. Nxf6+ Bxf6 23. c5 bxc5 24. bxc5 Qxb3 25. Rxb3 Rc6 26. Rb6 Rfc8 27.
Rcb1 Kf8 28. a4 Bd8 29. a5 Ke8 30. Kf1 Kd7 31. Rd1+ Ke8 32. Rd6 Bxb6 33. Rxc6
Rxc6 34. axb6 Kd7 35. Ke2 Kc8 36. Kd3 Kb7 37. Kc4 Rc8 38. Bd4 f6 39. f4 Kc6 40.
g4 Ra8 41. h4 a5 42. g5 fxg5 43. fxg5 g6 44. Bb2 Rf8 45. Bf6 Rf7 46. Kd4 Rd7+
47. Ke5 Kxc5 48. Kxe6 Rd6+ 49. Kf7 Kxb6 50. Kg8 Rd7 51. Bg7 a4 52. Kxh7 Rxg7+
53. Kxg7 a3 54. Kxg6 a2 55. Kh7 a1=Q 56. g6 Qh1 57. g7 Qxh4+ 58. Kg6 1/2-1/2

[Event "4NCL/Div4/SLO3 vs. GREN"]
[Site "West Bromwich ENG"]
[Date "2003.11.22"]
[Round "1.4"]
[White "Furnevall, Mark"]
[Black "McCarthy, Kevin C"]
[Result "1/2-1/2"]
[WhiteElo "1736"]
[BlackElo "1920"]
[PlyCount "59"]
[EventDate "2003.11.22"]

1. e4 e6 2. d4 d5 3. Nc3 Nf6 4. e5 Nfd7 5. Nce2 c5 6. c3 Nc6 7. f4 cxd4 8. cxd4
Bb4+ 9. Kf2 f6 10. a3 Ba5 11. Nf3 O-O 12. Kg1 Bb6 13. exf6 Qxf6 14. Be3 e5 15.
Qb3 Ne7 16. fxe5 Qg6 17. Nf4 Qe4 18. Ng5 Qxd4 19. Qxb6 Qxb6 20. Bxb6 Rxf4 21.
Bc7 Rf5 22. Nf3 Nc5 23. Nd4 Rf7 24. Bd6 Ne4 25. Re1 Nc6 26. Nxc6 bxc6 27. Rxe4
Rxf1+ 28. Kxf1 dxe4 29. Kf2 Be6 30. Ke3 1/2-1/2

[Event "4NCL/Div4/SLO3 vs. GREN"]
[Site "West Bromwich ENG"]
[Date "2003.11.22"]
[Round "1.5"]
[White "Coddington, Oliver"]
[Black "Knowles, James"]
[Result "1-0"]
[WhiteElo "1897"]
[BlackElo "1624"]
[PlyCount "69"]
[EventDate "2003.11.22"]

1. d4 e6 2. Nf3 Nf6 3. g3 b6 4. Bg2 Bb7 5. O-O Be7 6. c4 d5 7. Ne5 O-O 8. Nc3
Nbd7 9. e3 Re8 10. f4 Bb4 11. Qb3 Bxc3 12. Qxc3 Ne4 13. Qc2 Ndf6 14. b3 Qd6 15.
Bb2 Rac8 16. g4 h5 17. gxh5 Nxh5 18. Bxe4 dxe4 19. c5 Qe7 20. Qe2 Qh4 21. c6
Ba8 22. Qg2 Nf6 23. Kh1 Qh5 24. Rg1 g6 25. Rac1 Nd5 26. Qxe4 Nf6 27. Qc2 Qf5
28. Qxf5 exf5 29. h3 Nd5 30. Rg3 Re6 31. Ba3 Kg7 32. Kg2 Nxe3+ 33. Rxe3 f6 34.
d5 Ree8 35. Nc4 1-0

[Event "4NCL/Div4/SLO3 vs. GREN"]
[Site "West Bromwich ENG"]
[Date "2003.11.22"]
[Round "1.6"]
[White "Butterworth, Paul"]
[Black "Russant, Stuart"]
[Result "0-1"]
[WhiteElo "1608"]
[BlackElo "1208"]
[PlyCount "26"]
[EventDate "2003.11.22"]

1. d4 d6 2. Nf3 Bg4 3. e4 Nf6 4. Bd3 Nc6 5. c3 e5 6. Be3 d5 7. Nbd2 exd4 8.
cxd4 dxe4 9. Nxe4 Bb4+ 10. Nc3 Nd5 11. Rc1 Qe7 12. Qe2 Bxf3 13. Qxf3 Nxe3 {
then White castled O-O illegally. See next game for continuation.} 0-1

[Event "4NCL/Div4/PONTY vs. BRJ"]
[Site "West Bromwich ENG"]
[Date "2003.11.22"]
[Round "1.1"]
[White "Saunders, W Nigel"]
[Black "Headlong, Timothy"]
[Result "0-1"]
[WhiteElo "2104"]
[BlackElo "2196"]
[PlyCount "60"]
[EventDate "2003.11.22"]

1. c4 e6 2. g3 d5 3. Bg2 c5 4. Nf3 Nc6 5. b3 Nf6 6. O-O Be7 7. Bb2 d4 8. d3 O-O
9. Nbd2 e5 10. a3 a5 11. Qc2 h6 12. Rae1 Bf5 13. Ne4 Nxe4 14. dxe4 Be6 15. Rd1
a4 16. Nd2 Qa5 17. f4 f6 18. f5 Bf7 19. g4 Rfb8 20. bxa4 Qxa4 21. Qd3 Na5 22.
Rc1 b5 23. cxb5 c4 24. Qg3 c3 25. Bxc3 dxc3 26. Qxc3 Qxb5 27. Bf3 Nb3 28. Nxb3
Qxb3 29. Rfd1 Bxa3 30. Qxb3 Bxb3 0-1

[Event "4NCL/Div4/PONTY vs. BRJ"]
[Site "West Bromwich ENG"]
[Date "2003.11.22"]
[Round "1.2"]
[White "Bareham, David"]
[Black "Davies, Peter L"]
[Result "1-0"]
[WhiteElo "2152"]
[BlackElo "2042"]
[PlyCount "83"]
[EventDate "2003.11.22"]

1. e4 e5 2. Nf3 Nc6 3. Bb5 a6 4. Bxc6 dxc6 5. O-O Bg4 6. h3 h5 7. d3 Qf6 8. Be3
Bd6 9. Nbd2 Ne7 10. Re1 Ng6 11. hxg4 hxg4 12. Nh2 Rxh2 13. Kxh2 Qh4+ 14. Kg1
O-O-O 15. Nc4 Nf4 16. Nxd6+ Rxd6 17. Bxf4 exf4 18. Kf1 f3 19. gxf3 gxf3 20.
Qxf3 Rf6 21. Qg2 Rg6 22. Qxg6 fxg6 23. Rad1 Qh3+ 24. Ke2 Qh5+ 25. Kd2 Qg5+ 26.
Re3 Qf6 27. c3 Qxf2+ 28. Re2 Qf7 29. a3 Kd7 30. Rg1 Qa2 31. Kc2 Qf7 32. Reg2 a5
33. Rxg6 Qf2+ 34. Kb1 Qe2 35. Rxg7+ Ke8 36. Rxc7 Qxd3+ 37. Ka1 Kf8 38. Rh1 Kg8
39. Rxb7 Qxe4 40. Rd1 Qh4 41. Ra7 Qg5 42. Rdd7 1-0

[Event "4NCL/Div4/PONTY vs. BRJ"]
[Site "West Bromwich ENG"]
[Date "2003.11.22"]
[Round "1.3"]
[White "White, Ian G"]
[Black "Haydon, Richard"]
[Result "1/2-1/2"]
[WhiteElo "2018"]
[BlackElo "2197"]
[PlyCount "84"]
[EventDate "2003.11.22"]

1. e4 g6 2. d4 Bg7 3. c3 d6 4. Nf3 Nf6 5. Bd3 O-O 6. O-O Nbd7 7. Nbd2 e5 8.
dxe5 dxe5 9. Bc2 Nh5 10. Nc4 h6 11. Ne3 Nf4 12. Ng4 Qe7 13. g3 h5 14. Ne3 Nh3+
15. Kg2 Nf6 16. Ng1 Nxg1 17. Rxg1 c6 18. f3 h4 19. Nf1 Nh5 20. Be3 Bf6 21. Qe2
Kg7 22. Nd2 Rh8 23. Rh1 Bg5 24. Rad1 Bxe3 25. Qxe3 Qe6 26. g4 Nf4+ 27. Kf1 b6
28. Bb3 Ba6+ 29. Kf2 Qf6 30. Bc4 Bxc4 31. Nxc4 Rhd8 32. b3 h3 33. Rhf1 Ng2 34.
Qc1 b5 35. Nb2 Qe7 36. Nd3 a5 37. c4 Rd4 38. cxb5 cxb5 39. Qc5 Qxc5 40. Nxc5
Rad8 41. Rxd4 Rxd4 42. a4 bxa4 1/2-1/2

[Event "4NCL/Div4/PONTY vs. BRJ"]
[Site "West Bromwich ENG"]
[Date "2003.11.22"]
[Round "1.4"]
[White "Bourne, Johnathan"]
[Black "Jones, Derek C"]
[Result "1/2-1/2"]
[WhiteElo "2032"]
[BlackElo "1944"]
[PlyCount "72"]
[EventDate "2003.11.22"]

1. e4 c5 2. d3 Nc6 3. Nd2 g6 4. Ngf3 Bg7 5. g3 d6 6. Bg2 e5 7. O-O Nge7 8. Nh4
O-O 9. f4 exf4 10. gxf4 f5 11. c3 Kh8 12. Qe1 Rb8 13. Ndf3 d5 14. e5 d4 15. c4
Nb4 16. Qe2 Be6 17. a3 Na6 18. Nd2 Nc6 19. Nhf3 Bg8 20. h4 h6 21. Qf2 Nc7 22.
Qg3 Ne6 23. Rf2 Qe7 24. h5 g5 25. Nb3 g4 26. Nh4 Bh7 27. Bd5 Ncd8 28. Nd2 Qe8
29. Rh2 Qxh5 30. Ne4 fxe4 31. dxe4 Qe8 32. f5 Nc7 33. f6 Bxf6 34. exf6 Rc8 35.
Qxg4 Nde6 36. Bxh6 Rxf6 1/2-1/2

[Event "4NCL/Div4/PONTY vs. BRJ"]
[Site "West Bromwich ENG"]
[Date "2003.11.22"]
[Round "1.5"]
[White "Thomas, Roy"]
[Black "Tomboline, David"]
[Result "1/2-1/2"]
[WhiteElo "1734"]
[BlackElo "1792"]
[PlyCount "47"]
[EventDate "2003.11.22"]

1. f4 d5 2. e3 Nf6 3. Nf3 Bg4 4. Be2 Bxf3 5. Bxf3 c6 6. b3 Nbd7 7. Bb2 Qc7 8.
d4 e6 9. a3 c5 10. c3 Rc8 11. Nd2 b5 12. b4 cxb4 13. cxb4 Nb6 14. Nb3 Nc4 15.
Rc1 Be7 16. Qc2 O-O 17. Ke2 Bd6 18. Nc5 a5 19. g4 Nxe3 20. Kxe3 Bxf4+ 21. Kd3
Bxc1 22. Qxc1 axb4 23. axb4 Ra8 24. g5 1/2-1/2

[Event "4NCL/Div4/CHED vs. BCA"]
[Site "West Bromwich ENG"]
[Date "2003.11.22"]
[Round "1.1"]
[White "Shaw, Robert"]
[Black "Ross, Chris"]
[Result "1-0"]
[WhiteElo "2319"]
[BlackElo "2133"]
[PlyCount "79"]
[EventDate "2003.11.22"]

1. d4 Nf6 2. Nf3 e6 3. c4 Bb4+ 4. Nbd2 O-O 5. g3 d5 6. Bg2 b6 7. O-O Bb7 8. Ne5
Nbd7 9. Ndf3 dxc4 10. Qa4 c5 11. a3 Ba5 12. Nxc4 Bd5 13. Nxa5 bxa5 14. Bd2 Nb6
15. Qxa5 cxd4 16. Bg5 h6 17. Bf4 Qe7 18. Rfd1 Nc4 19. Qb4 Qxb4 20. axb4 Nxb2
21. Rxd4 Nc4 22. Ne5 Nb6 23. e4 Bb7 24. Nd3 Bc6 25. Nc5 Rfe8 26. Be5 Ng4 27.
Bc7 Rec8 28. Bd6 e5 29. Rdd1 Nc4 30. Bh3 Rd8 31. Bxg4 Nxd6 32. Be2 Bb5 33. Bxb5
Nxb5 34. Kf1 Nd4 35. Ra6 Rab8 36. Rxa7 Rxb4 37. Re7 f6 38. Ra1 Rc4 39. Raa7 Nc6
40. Rxg7+ 1-0

[Event "4NCL/Div4/CHED vs. BCA"]
[Site "West Bromwich ENG"]
[Date "2003.11.22"]
[Round "1.2"]
[White "Burnell, Steve"]
[Black "Smith, Alan A"]
[Result "0-1"]
[WhiteElo "1840"]
[BlackElo "2251"]
[PlyCount "64"]
[EventDate "2003.11.22"]

1. d4 b6 2. c4 e6 3. Nf3 Bb7 4. g3 Bb4+ 5. Bd2 Bxf3 6. exf3 Bxd2+ 7. Nxd2 Nf6
8. Bg2 d5 9. f4 O-O 10. O-O Nc6 11. Rc1 Nxd4 12. Re1 c5 13. cxd5 exd5 14. Nf1
a5 15. Re5 Ra7 16. Ne3 Nc6 17. Rg5 h6 18. Rxd5 Nxd5 19. Bxd5 Rd7 20. Qh5 Nd4
21. Rd1 Re8 22. Bc4 b5 23. Bf1 g6 24. Qxh6 Rxe3 25. Rxd4 cxd4 26. fxe3 d3 27.
f5 Qf6 28. fxg6 fxg6 29. Qh3 Rd8 30. Qg4 Kg7 31. Qd1 Qxb2 32. Bxd3 Qc3 0-1

[Event "4NCL/Div4/CHED vs. BCA"]
[Site "West Bromwich ENG"]
[Date "2003.11.22"]
[Round "1.3"]
[White "Gorka, Carl"]
[Black "Armstrong, William G"]
[Result "1-0"]
[WhiteElo "2112"]
[BlackElo "1720"]
[PlyCount "62"]
[EventDate "2003.11.22"]

1. e4 c5 2. Nf3 Nc6 3. Bb5 g6 4. Bxc6 dxc6 5. d3 Bg7 6. h3 Nf6 7. Nc3 Nd7 8.
Be3 e5 9. Qd2 h6 10. g3 Qe7 11. Ne2 Nf8 12. O-O-O Ne6 13. c3 Bd7 14. d4 cxd4
15. cxd4 exd4 16. Nexd4 Rd8 17. Nb3 b6 18. Nh4 Bf6 19. f4 c5 20. Qf2 Ba4 21. f5
Rxd1+ 22. Rxd1 Bxb3 23. axb3 Bxh4 24. gxh4 Nd4 25. Bxd4 cxd4 26. Qxd4 O-O 27.
e5 Rc8+ 28. Kb1 Re8 29. fxg6 fxg6 30. Qe4 Qxe5 31. Qxg6+ Qg7 1-0

[Event "4NCL/Div4/CHED vs. BCA"]
[Site "West Bromwich ENG"]
[Date "2003.11.22"]
[Round "1.4"]
[White "Cohn, H."]
[Black "Buxton, David E"]
[Result "0-1"]
[WhiteElo "1592"]
[BlackElo "2024"]
[PlyCount "74"]
[EventDate "2003.11.22"]

1. c4 Nf6 2. Nf3 e6 3. g3 d5 4. Bg2 g6 5. d4 Bg7 6. O-O O-O 7. Nbd2 Nbd7 8. Qc2
c6 9. cxd5 exd5 10. b3 Re8 11. Bb2 Rxe2 12. Rfe1 Rxe1+ 13. Rxe1 Nf8 14. Ne5 Bf5
15. Qd1 Qa5 16. a3 N8d7 17. f4 c5 18. Ndf3 cxd4 19. b4 Qc7 20. Bxd4 Rc8 21.
Nxd7 Nxd7 22. Bxg7 Kxg7 23. Qd4+ Nf6 24. Ne5 Qc3 25. Qe3 Ne4 26. Qxc3 Rxc3 27.
g4 Be6 28. Bxe4 dxe4 29. Rxe4 Rxa3 30. Nc4 Ra1+ 31. Kf2 Bxg4 32. Nd6 b6 33.
Ne8+ Kh6 34. Re7 Be6 35. Nc7 Ra4 36. Nxe6 fxe6 37. Rxe6 Rxb4 0-1

[Event "4NCL/Div4/CHED vs. BCA"]
[Site "West Bromwich ENG"]
[Date "2003.11.22"]
[Round "1.5"]
[White "Gilmore, Simon N"]
[Black "Wragg, Norman A"]
[Result "1-0"]
[WhiteElo "1912"]
[BlackElo "1552"]
[PlyCount "65"]
[EventDate "2003.11.22"]

1. e4 e5 2. Nf3 Nc6 3. d4 exd4 4. Nxd4 Nf6 5. Nxc6 bxc6 6. e5 Qe7 7. Qe2 Nd5 8.
c4 Ba6 9. b3 Nb6 10. Bb2 d5 11. exd6 Qxe2+ 12. Bxe2 cxd6 13. Bf3 Bb7 14. Nc3
Be7 15. O-O-O O-O-O 16. Ne2 Rhg8 17. Rhe1 g6 18. a4 Kc7 19. Nd4 Bg5+ 20. Kc2
Rge8 21. g3 h5 22. Bg2 Bh6 23. f4 Nd7 24. b4 Bf8 25. b5 Nb8 26. Bc3 Kd7 27. f5
Rxe1 28. Rxe1 d5 29. fxg6 fxg6 30. Bh3+ Kd6 31. Re6+ Kc5 32. Nb3+ Kb6 33. Ba5#
1-0

[Event "4NCL/Div4/CHED vs. BCA"]
[Site "West Bromwich ENG"]
[Date "2003.11.22"]
[Round "1.6"]
[White "Thacker, Steve M"]
[Black "Yu, Yangshi"]
[Result "1/2-1/2"]
[WhiteElo "1432"]
[BlackElo "1688"]
[PlyCount "91"]
[EventDate "2003.11.22"]

1. c4 c5 2. Nc3 Nf6 3. g3 e6 4. Bg2 d5 5. d4 cxd4 6. Qxd4 Nc6 7. Qh4 d4 8. Nd1
Bb4+ 9. Kf1 d3 10. Bg5 dxe2+ 11. Nxe2 Ne5 12. Bxf6 Qxf6 13. Qxf6 gxf6 14. Ne3
Bc5 15. b3 Bxe3 16. fxe3 Ng4 17. e4 Ne3+ 18. Kf2 Nxg2 19. Kxg2 Ke7 20. Rad1 Bd7
21. Rhe1 h5 22. Nc3 Rac8 23. Rd3 Rc7 24. a4 a6 25. Kh3 Rc5 26. Kg2 Bc6 27. Kf2
Re5 28. Rde3 Rd8 29. h4 f5 30. exf5 Rd2+ 31. R1e2 Rxf5+ 32. Ke1 Rxe2+ 33. Nxe2
Rf3 34. Kd2 Rxe3 35. Kxe3 e5 36. a5 Kd6 37. b4 f5 38. Nc3 Bg2 39. Kf2 Bc6 40.
Ke3 Bd7 41. Nd5 Be6 42. Nb6 Kc6 43. Kf2 e4 44. Ke3 Kd6 45. Kd4 Kc6 46. Ke3
1/2-1/2

[Event "4NCL/Div4/HKF3 vs. MIN2"]
[Site "West Bromwich ENG"]
[Date "2003.11.22"]
[Round "1.1"]
[White "Truslove, Arthur D"]
[Black "Parker, Robert"]
[Result "1/2-1/2"]
[WhiteElo "1768"]
[BlackElo "2105"]
[PlyCount "47"]
[EventDate "2003.11.22"]

1. d4 Nf6 2. c4 e6 3. Nc3 Bb4 4. Qc2 c5 5. dxc5 Nc6 6. Nf3 O-O 7. a3 Bxc5 8.
Bg5 Be7 9. e3 h6 10. Bh4 Qa5 11. Rd1 d5 12. Bxf6 Bxf6 13. cxd5 exd5 14. Be2 Be6
15. O-O Bxc3 16. Qxc3 Qxc3 17. bxc3 Rac8 18. Rb1 Na5 19. Rfc1 Rc7 20. Nd4 a6
21. Rb6 Rfc8 22. Nxe6 fxe6 23. Rxe6 Rxc3 24. Re8+ 1/2-1/2

[Event "4NCL/Div4/HKF3 vs. MIN2"]
[Site "West Bromwich ENG"]
[Date "2003.11.22"]
[Round "1.2"]
[White "Horton, Justin"]
[Black "Greatorex, Roger"]
[Result "1-0"]
[WhiteElo "1992"]
[BlackElo "1696"]
[PlyCount "41"]
[EventDate "2003.11.22"]

1. d4 d5 2. Nf3 Nf6 3. c4 e6 4. Nc3 c6 5. e3 Be7 6. Qc2 Nbd7 7. Bd3 O-O 8. O-O
h6 9. b3 Ng4 10. h3 Ngf6 11. Bb2 Re8 12. Rad1 Nf8 13. Ne5 c5 14. cxd5 cxd4 15.
dxe6 Bxe6 16. exd4 Rc8 17. Bb5 N8d7 18. d5 Bxd5 19. Nxd7 Bb4 20. Nxf6+ Qxf6 21.
Nxd5 1-0

[Event "4NCL/Div4/HKF3 vs. MIN2"]
[Site "West Bromwich ENG"]
[Date "2003.11.22"]
[Round "1.3"]
[White "Hogarth, Mark J"]
[Black "Twitchell, Neville H"]
[Result "0-1"]
[WhiteElo "1744"]
[BlackElo "2023"]
[PlyCount "60"]
[EventDate "2003.11.22"]

1. c4 b6 2. Nc3 Bb7 3. d4 e6 4. e4 Bb4 5. Bd3 f5 6. Qe2 Nf6 7. d5 O-O 8. Bg5
fxe4 9. Bxe4 Na6 10. Nh3 Nc5 11. Bf3 exd5 12. O-O Bxc3 13. bxc3 Nce4 14. Bxf6
Nxf6 15. cxd5 Bxd5 16. Bxd5+ Nxd5 17. Qd3 c6 18. Rad1 b5 19. f4 Qb6+ 20. Kh1
Qe3 21. Ng5 Qxd3 22. Rxd3 Rae8 23. g3 Re2 24. c4 bxc4 25. Ra3 c3 26. Nf3 Rb8
27. Rxa7 Nf6 28. Ne5 c2 29. Nxd7 Nxd7 30. Rxd7 Rb1 0-1

[Event "4NCL/Div4/HKF3 vs. MIN2"]
[Site "West Bromwich ENG"]
[Date "2003.11.22"]
[Round "1.4"]
[White "Hawkins, J Nick"]
[Black "Bullock, Andrew"]
[Result "1/2-1/2"]
[WhiteElo "2052"]
[BlackElo "1672"]
[PlyCount "62"]
[EventDate "2003.11.22"]

1. e4 c5 2. Nf3 g6 3. c3 Bg7 4. d4 d6 5. dxc5 dxc5 6. Qxd8+ Kxd8 7. Bc4 e6 8.
O-O Nc6 9. Be3 b6 10. Nbd2 h6 11. Rfe1 Ke7 12. Rad1 Nf6 13. h3 Bb7 14. Bd3 Rad8
15. Bc2 Nd7 16. Nf1 Na5 17. Bc1 Nc4 18. Ng3 Bc6 19. Nh2 g5 20. Nh5 Be5 21. Ng4
Bc7 22. b3 Nce5 23. Ne3 Ng6 24. Nd5+ Bxd5 25. exd5 Nde5 26. dxe6 Rxd1 27. Rxd1
fxe6 28. Re1 Rd8 29. Ng7 Nf8 30. c4 Kf7 31. Nh5 Nd3 1/2-1/2

[Event "4NCL/Div4/HKF3 vs. MIN2"]
[Site "West Bromwich ENG"]
[Date "2003.11.22"]
[Round "1.5"]
[White "Pearce, Andrew"]
[Black "Kelly, Paul J"]
[Result "0-1"]
[WhiteElo "1456"]
[BlackElo "1744"]
[PlyCount "54"]
[EventDate "2003.11.22"]

1. d4 d6 2. Nf3 g6 3. c4 Bg7 4. Nc3 Nc6 5. Bf4 Nxd4 6. Nxd4 e5 7. Bxe5 Bxe5 8.
e3 Bd7 9. Be2 a6 10. Qc2 Rb8 11. Bf3 Nh6 12. O-O O-O 13. Nde2 Kh8 14. Nd5 Bf5
15. e4 Bg4 16. Ng3 Bxf3 17. gxf3 c6 18. Ne3 Qf6 19. Qe2 Bxb2 20. Rad1 Ba3 21.
Ng4 Qf4 22. Nxh6 Qxh6 23. Rd3 Bc5 24. Rfd1 Rfe8 25. Nf1 Re5 26. Qd2 Qh4 27. f4
Rxe4 0-1

[Event "4NCL/Div4/HKF3 vs. MIN2"]
[Site "West Bromwich ENG"]
[Date "2003.11.22"]
[Round "1.6"]
[White "De Mooi, Connagh-Joseph"]
[Black "Fowler, Keith"]
[Result "1-0"]
[WhiteElo "1720"]
[BlackElo "1200"]
[PlyCount "73"]
[EventDate "2003.11.22"]

1. e4 e5 2. Bc4 Nf6 3. d3 d5 4. exd5 Nxd5 5. Nf3 Nc6 6. O-O Bd6 7. Bxd5 O-O 8.
Nc3 Ne7 9. Bg5 c6 10. Bb3 Qc7 11. Ne4 Kh8 12. Nxd6 Qxd6 13. Bxe7 Qxe7 14. Qd2
f6 15. Rfe1 Be6 16. Bxe6 Qxe6 17. Qb4 Qf7 18. Re4 Rad8 19. d4 Rd5 20. c4 Rdd8
21. dxe5 fxe5 22. Rxe5 Qg6 23. Qe7 Rfe8 24. Qg5 Qxg5 25. Nxg5 Rxe5 26. Nf7+ Kg8
27. Nxe5 Re8 28. Re1 Rd8 29. Nf3 Kf7 30. Kf1 a6 31. h4 b5 32. Ne5+ Kf8 33. Nxc6
Rd2 34. cxb5 axb5 35. b4 Rxa2 36. Re5 Rc2 37. Rc5 1-0